000 00465nam a2200181 4500
003 SEACOMMC
005 20231013055533.0
008 231013b |||||||| |||| 00| 0 eng d
040 _aSEACOMMC
082 _a519.82
_bMED
100 1 _aMedhi, J.
245 1 _aStochastic models in quelling theory
_cJ. Medhi
250 _a2nd ed.
260 _aNew Delhi
_bElsevier
_c2006
650 _aMathematics
650 _aProbabilities and applied mathematics
942 _cBOOK
999 _c206
_d206